000 00529nam a2200157Ia 4500
005 20250415163414.0
008 231217s9999 xx 000 0 und d
020 _a9788131715109
082 _a621.38415 TOH;4
100 _aToh, C K.
245 0 _aAd hoc mobile wireless networks : protocols and systems, age of pervasive mobile networking and computing
260 _c2002
_bPearson
_aNew Delhi
300 _axx, 302
650 _aAd,hoc,wireless,networks,protocols,systems,,age,pervasive,networking,computing
942 _cAA
999 _c184996
_d184996